000 00706nam a2200205 4500
001 136760
003 ES-MaACL
005 20250713063713.0
007 t|
008 070214s1916 sp r ||||1| cat d
080 _a821.134.1-14"19"
100 1 _aSagarra, Josep M. de,
_d1894-1961
_9101415
245 1 3 _aEl mal caçador /
_cJosep Mª. de Sagarra ; [Joannes Mirambell, ornavit].
260 _aBarcelona :
_b[s.n.],
_c1916 (
_fFrancesc X Altes i Alab-art. imp)
300 _a142 p. :
_bil. ;
_c25 cm.
500 _aPort. y orl. grab.
700 1 _aMirambell i Ferran, Joan (
_dn.1895-)
_9149343
852 _aES-MaACL
_jF-1471
_z.- Dedicatoria manuscrita del autor
999 _c136760
_d136760